| 000 | 01150ntm a22004217a 4500 | ||
|---|---|---|---|
| 005 | 20231127113746.0 | ||
| 008 | 160304b2011 xxu||||| |||| 00| | spa d | ||
| 020 | _a9789968318419 | ||
| 041 | _aESP | ||
| 082 | _a344.01 F778d | ||
| 100 |
_aFournier Facio, Arturo _96475 |
||
| 245 | _aDerecho Laboral I | ||
| 260 | _aCosta Rica | ||
| 260 | _bEUNED | ||
| 260 | _c2011 | ||
| 300 | _a268 páginas | ||
| 650 | _aCOSTA RICA | ||
| 650 | _aDERECHO LABORAL | ||
| 650 | _aCONTRATO LABORAL | ||
| 650 | _aTIPOS DE CONTRATOS | ||
| 650 | _aDURACIÓN DE CONTRATOS | ||
| 650 | _aHORARIO DE TRABAJO | ||
| 650 | _aDÍAS FERIADOS | ||
| 650 | _aVACACIONES ANUALES | ||
| 650 | _aRELACIÓN CONTRACTUAL | ||
| 650 | _aSALARIOS | ||
| 650 | _aDEDUCCIONES SALARIARES OBLIGATORIAS | ||
| 650 | _aPROTECCIÓN DEL TRABAJADOR | ||
| 650 | _aRIESGOS DEL TRABAJO | ||
| 650 | _aRESOLUCIÓN ALTERNATIVA DE CONFLICTOS | ||
| 650 | _aTIPOS DE CONTRATACIÓN ESPECIAL | ||
| 650 | _aINSTITUCIONES PUBLICAS | ||
| 650 | _aGLOBALIZACIÓN | ||
| 650 | _aTRATADO DE LIBRE COMERCIO | ||
| 650 | _aAGUINALDO | ||
| 650 | _aSEGURIDAD SOCIAL | ||
| 942 |
_cBK _2ddc |
||
| 999 |
_c7788 _d7788 |
||